Adivina el capítulo de los simuladores - Estadísticas

Estadísticas generales
  • Esta prueba ha sido intentada 15 veces
  • La puntuación promedio es 17 de 24
Estadísticas de respuestas
Hint Respuesta % Correcto
Alicia, Una oftalmóloga, es acosada por un colega con quien engañó a su marido años atrás y contrata a los simuladores para deshacerse del mismo. El testigo español
89%
Pablo Herdel, es un niño de 12 años que sufre de bullying y violencia física en su escuela, al punto tal de pretender desistir de realizar el viaje de egresados. Su situación es alertada por Rubín, el joven kiosquero de la escuela, quien contacta a Los Simuladores. El vengador infantil
89%
Clara es una chica que tiene a sus padres que son impresentables. Estos son invitados a la fiesta de cumpleaños de su suegro y ante el miedo que los padres le provocan, contrata a Los Simuladores para ayudarla. Los impresentables
89%
Un hombre está a punto de divorciarse de su mujer, sin embargo está tan apegado a ella que no quiere. Así que contrata a Los Simuladores para evitar la ruptura. Tarjeta de Navidad
89%
Martin Vanegas contrata a Los Simuladores para ayudarlo con un prestamista que amenaza a sus hijos Diagnóstico rectoscópico
78%
Un geriátrico está a punto de cerrarse y sus internos se preocupan por esto, ya que no quieren ser separados. Por tal motivo, contratan a Los Simuladores, quienes idean un operativo aprovechándose de la profunda religiosidad del director de este geriátrico Luis Torrejón. El clan Motul
78%
Matías es un chico que se lleva 7 materias a Marzo y tiene a su madre muy enferma, así que su padre, llama a Los Simuladores para que no pierda el año y no le agrave la enfermedad a su madre. El joven simulador
78%
Paula Rivera, una muchacha católica y Gustavo Brosky un joven judío, son dos estudiantes de medicina que llevan adelante una relación a escondidas, ya que las familias de ambos no toleran la religión del otro. La situación se les va de las manos al confirmarse que Paula está embarazada. Los Simuladores tratan de hallar puntos de conexión entre ambas familias, a fin de poder elaborar un plan que les permita lograr zanjar sus diferencias y que Paula y Gustavo vivan felizmente y sin prejuicios. El matrimonio mixto
78%
El Presidente de la nación Argentina sufre impotencia sexual y esto le trae problemas en su vida sexual y laboral. Entonces su esposa, Helena, contrata a Los Simuladores para ayudarlos. El pequeño problema del gran hombre
78%
Los Simuladores deciden tomarse un fin de semana de descanso, por lo que eligen hospedarse en un hotel en Entre Ríos. Durante el desayuno y a lo largo del primer día de descanso, son testigos de constantes discusiones por parte de una pareja, tras la cual el hombre es denunciado y encerrado en una comisaría, Luego la mujer tiene un accidente en Campana, haciendo que algo para Santos no cuadre y por lo tanto, decidan investigar el caso. Fin de semana de descanso
78%
Alejandro Barack , es un joven ingeniero hidráulico que debe lidiar con una dura dicotomía. Por un lado, está en pareja con la joven Corina Lázaro, de quien asegura estar enamorado. Pero por otro lado, no concibe la idea de la fidelidad, por lo que se la pasa observando a otras mujeres. Con el fin de poder darle una solución a su problema, Alejandro trata de contratar a Los Simuladores. La gargantilla de las cuatro estaciones
78%
El Dr. Lempergier, es un abogado mafioso que lleva adelante la representación de Bruno Sontag, un exfuncionario del Ministerio de Salud que terminó en la cárcel a raíz de su responsabilidad por la compra de comida en mal estado para su posterior repartición en comedores y hospitales públicos. A pesar de la negativa de Santos, Lempergier lo secuestra y utiliza como rehén a cambio de contar con los servicios de Los Simuladores. Un trabajo involuntario
78%
Un hombre maltrata constantemente a su mujer física y psicológicamente, incluso amenazando la vida de la misma, haciendo que contacte a Los Simuladores para ayudarla. Z-9000
78%
Mariana tiene problemas de Bulimia debido a los problemas en su autoestima que le provoca trabajar en la agencia de modelos dónde lo hace. El debilitador social
67%
Una familia de clase baja es estafada por un supuesto representante de artísticas, entonces el padre contrata a Los Simuladores para que el hombre deje de hacerlo, haciendo un simulacro de un supuesto "Reality Show" El último héroe
67%
Un robo a un Banco sale mal y esta situación, provoca que Santos y Lamponne ideen desde adentro del banco un operativo sobre la marcha para salvar a todas las personas que se encuentran atrapadas, contando con la ayuda Medina y Ravenna desde afuera y con los propios ladrones Fuera de cálculo
67%
La Brigada B tiene un operativo fallido sin consentimiento del grupo principal haciéndose pasar por Terroristas de Al Qaeda. El operativo falla y son capturados por el FBI. Los Simuladores deciden ir a su rescate. La brigada B
67%
Un hombre y su hija son víctimas de un asalto a la salida de un cajero, motivo por el cual el hombre sufre una descompensación en el momento. Al momento de internarse, la prepaga se niega a cubrir los gastos del tratamiento, por considerar la deficiencia cardíaca como enfermedad preexistente. Su hija María, contrata a Los Simuladores para que la prepaga revea su postura. Los cuatro notables
67%
José Feller es despedido luego de muchos años en una empresa lactea, es despedido y no puede conseguir trabajo en ningún lugar, siendo finalmente ayudado por Los Simuladores. Seguro de desempleo
67%
Alejandro Horvat es director de Orquesta que es acosado por un admirador que dejó su trabajo para dedicarse a la música y que pretende que Horvat dirija su primer concierto creado. Recurre a los simuladores para sacarselo de encima. El anillo de Salomón
56%
Un grupo de vecinos busca liberarse de un grupo de policías corruptos que les cobran coimas a cambio de protección. El colaborador foráneo
56%
El Dr.Zarazola es un abogado que quiere dejar a su esposa pero no tiene el coraje para hacerlo, así que llama a Los Simuladores para que se encarguen del problema. El pacto Copérnico
56%
Los Simuladores son contratados por Natalia para ayudar a su mamá para rescatarla de la depresión con un doble de Paul McCartney Marcela & Paul
56%
Milazzo finalmente encuentra a Los Simuladores, ¿Qué es lo que pasará? Episodio final
44%
No se encontraron pruebas coincidentes
Distribución de puntuación
Porcentaje de gente con cada puntuación
Porcentaje por número respondido
Historial de tus puntuaciones
No has intentado esta prueba.